| 000 | 00465nam a2200193Ia 4500 | ||
|---|---|---|---|
| 005 | 20250423101055.0 | ||
| 008 | 250422s9999 xx 000 0 und d | ||
| 020 | _a0-596-00284-X | ||
| 050 | _aQA 76.76.O63 .L66/ | ||
| 100 | _aGian-paolo D. Musumeci | ||
| 245 | 0 | _aSystem performance tuning | |
| 250 | _a2nd ed. | ||
| 260 | _aBeijing | ||
| 260 | _bO'Reilly & Associates, Inc. | ||
| 260 | _c1990 | ||
| 300 | _a334 p | ||
| 650 | _aMathematics | ||
| 942 | _cBK | ||
| 999 |
_c35204 _d35204 |
||